000 00295nam a22001217a 4500
003 OSt
008 250123b |||||||| |||| 00| 0 eng d
041 _aeng
100 _aKeithlye Frag
_96987
245 _aEncyclopedia Atlas of the world
260 _aLondon:
_bApplied Press,
_c1984.
942 _cBK
999 _c19114
_d19114